000 00468nab a2200145Ia 4500
003 ES-SlBCS
005 20210601135702.0
008 140529s1996 xxu||||| |||| 00| 0 spa d
041 _aspa
100 1 _aGreen, Elizabeth E.
_9235321
245 0 0 _aLa teoría de la diferencia sexual y la teología. El debate italiano
_c Elizabeth E. Green
650 0 4 _aDiferencia Sexual-Teología
_9235322
773 0 _tConcilium
_gnº. 263, 1996, págs. 175-184
_wRev134
942 _cAR
999 _c632248
_d632248